[Event "Sherbrooke op"]
[Site "Sherbrooke"]
[Date "2010.05.30"]
[Round "3"]
[White "Hudon, Paul"]
[Black "Grenier, Gabriel"]
[Result "0-1"]
[WhiteElo "1926"]
[BlackElo "1594"]
[PlyCount "73"]
[EventDate "2010.05.28"]
[EventType "swiss"]
[EventRounds "5"]
[EventCountry "CAN"]
[SourceTitle "EXT 2022"]
[Source "ChessBase"]
[SourceDate "2021.10.06"]
[SourceVersion "1"]
[SourceVersionDate "2021.10.06"]
[SourceQuality "1"]

1. e4 c5 2. Nf3 Nc6 3. d4 cxd4 4. Nxd4 e6 5. c4 Bc5 6. Be3 Qb6 7. Nc2 Bxe3 8. Nxe3 Qxb2 9. Nd2 Nge7 10. Be2 0-0 11. 0-0 b6 12. c5 Nd4 13. Bd3 Qa3 14. Ndc4 Qxc5 15. f4 Nec6 16. Rc1 Qe7 17. Qh5 Nb4 18. Bb1 Qc5 19. e5 Nf5 20. Kh1 g6 21. Qf3 Ba6 22. Nxf5 exf5 23. Ne3 Qe7 24. Rfd1 Rac8 25. Rxc8 Rxc8 26. a3 Nc6 27. Nd5 Qh4 28. g3 Qh3 29. Nf6+ Kg7 30. Rxd7 Nd8 31. Rd1 Bb7 32. Nd5 Rc5 33. Kg1 Ne6 34. Qb3 Bxd5 35. Rxd5 Nxf4 36. Rd2 Rc1+ 37. Kf2 0-1